00994cam a2200277 a 450000100100000000500170001000800410002702000150006804000200008308200250010310000410012824500450016925000110021426000400022530000210026549000250028665000240031165000280033583000320036391000290039591000070042404900090043195201280044095201330056899900150070100000887520200929161429.0951204s1980 mx 000 f spa d a9682303826 aDO-SdBNPdBNPHU aCu863.4bC297a, 19801 aCarpentier, Alejo,d1904-1980.9863413aEl arpa y la sombra /cAlejo Carpentier. a8a ed. aMéxico :bSiglo Veintiuno,c1980. a204 p. ;c19 cm.1 aCreación literaria 4aNovela cubana92316 4aLiteratura cubana91483 0aCreación literaria920528 aCatalogación derivada. aWM aBNGR 001054708MOaGRbGRcHDd2009-09-19iLF1l0oCu863.4 C297a, 1980p8875-10r2020-06-25w2020-06-25y4ZPréstamo en sala 001053728MOaGRbGRcHDd2009-09-19iLF1l0oCu863.4 C297a, 1980p8875-20r2020-06-25te.2w2020-06-25y4ZPréstamo en sala c8644d8644